Greys Anatomy Specialites - Statistics

General Stats
  • This quiz has been taken 1,248 times
  • The average score is 10 of 25
Answer Stats
Surgeon Specialty % Correct
Dr. Jackson Avery Plastics
92%
Dr. Richard Webber General
86%
Dr. Owen Hunt Trauma
85%
Dr. Amelia Shepherd Neuro
64%
Dr. Meredith Grey General
56%
Dr. Callie Torres Orthopedics
54%
Dr. Mark Sloan Plastics
54%
Dr. April Kepner Trauma
48%
Dr. Maggie Pierce Cardiothoracic
45%
Dr. Teddy Altman Cardiothoracic
45%
Dr. Preston Burke Cardiothoracic
44%
Dr. Addison Montgomery Neonatal
44%
Dr. Erica Hahn Cardiothoracic
42%
Dr. George O'Malley Trauma
39%
Dr. Cristina Yang Cardiothoracic
38%
Dr. Atticus Lincoln Orthopedics
38%
Dr. Catherine Avery Urology
27%
Dr. Nathan Riggs Cardiothoracic
24%
Dr. Andrew Deluca General
24%
Dr. Shane Ross Cardiothoracic
22%
Dr. Jo Wilson OB-GYN
20%
Dr. Leah Murphy Cardiothoracic
14%
Dr. Arizona Robbins Neonatal
13%
Dr. Levi Schmitt OBGYN
6%
Dr. Izzie Stevens Orthopedics
4%
No matching quizzes found
Score Distribution
Percent of People with Each Score
Percentile by Number Answered
Your Score History
You have not taken this quiz